[Event "RUS-ch blitz"]
[Site "Sochi"]
[Date "2018.10.07"]
[Round "6.27"]
[White "Asanov, Timur"]
[Black "Dzhumagaliev, Yan"]
[Result "0-1"]
[WhiteElo "2389"]
[BlackElo "2410"]
[PlyCount "172"]
[EventDate "2018.10.07"]
[EventType "swiss (blitz)"]
[EventRounds "20"]
[EventCountry "RUS"]
[SourceTitle "CBM 186 Extra"]
[Source "ChessBase"]
[SourceDate "2018.08.24"]
[SourceVersion "1"]
[SourceVersionDate "2018.08.24"]
[SourceQuality "1"]

1. d4 Nf6 2. Nf3 e6 3. Bf4 c5 4. c3 Nc6 5. e3 d5 6. Nbd2 Nh5 7. Bg3 Qb6 8. Qb3 c4 9. Qc2 Be7 10. e4 Bd7 11. Be2 0-0 12. exd5 exd5 13. Ne5 Nxe5 14. Bxe5 Qh6 15. b3 b5 16. 0-0 Nf4 17. Bf3 Be6 18. a4 cxb3 19. Qxb3 bxa4 20. Rxa4 Nd3 21. Qa2 Nxe5 22. dxe5 d4 23. c4 Rad8 24. Rxa7 Bc5 25. Ra5 Bb4 26. Rd1 Bxa5 27. Qxa5 Rb8 28. g3 Qg5 29. Ne4 Qf5 30. Bg2 Bxc4 31. Nd6 Qc2 32. Qe1 Be6 33. Be4 Qc3 34. Qe2 Rb2 35. Qh5 g6 36. Qf3 Qxf3 37. Bxf3 Rb4 38. Ne4 Kg7 39. Nc5 Bf5 40. g4 Bc2 41. Rd2 Rc4 42. Nd7 Rd8 43. Nb6 Rc3 44. Bg2 d3 45. f4 Rb3 46. Nd5 Rb5 47. Ne3 Rb4 48. f5 Bb3 49. Kf2 h5 50. h3 hxg4 51. hxg4 gxf5 52. gxf5 Rb5 53. Ng4 Rd4 54. Bf3 Bd5 55. Bxd5 Rdxd5 56. Kf3 Rb4 57. Ne3 Rxe5 58. Rxd3 Ra4 59. Rc3 Rea5 60. Rd3 Ra3 61. Rxa3 Rxa3 62. Kf4 Ra4+ 63. Ke5 Ra5+ 64. Kf4 Kf8 65. Kg5 Kg7 66. Kf4 Kf6 67. Ng4+ Ke7 68. Ne3 Ra4+ 69. Ke5 f6+ 70. Kd5 Rf4 71. Kc5 Kf7 72. Kd5 Kg7 73. Kc5 Re4 74. Nc4 Kh6 75. Kd5 Re1 76. Nd6 Kg5 77. Kc6 Rd1 78. Nc4 Rc1 79. Kd5 Rxc4 80. Kxc4 Kxf5 81. Kd3 Kg4 82. Ke2 Kg3 83. Kf1 Kf3 84. Ke1 f5 85. Kf1 f4 86. Ke1 Kg2 0-1

[Event "RUS-ch blitz"]
[Site "Sochi"]
[Date "2018.10.07"]
[Round "18.33"]
[White "Asanov, Timur"]
[Black "Kozionov, Kirill"]
[Result "0-1"]
[WhiteElo "2389"]
[BlackElo "2458"]
[PlyCount "82"]
[EventDate "2018.10.07"]
[EventType "swiss (blitz)"]
[EventRounds "20"]
[EventCountry "RUS"]
[SourceTitle "CBM 186 Extra"]
[Source "ChessBase"]
[SourceDate "2018.08.24"]
[SourceVersion "1"]
[SourceVersionDate "2018.08.24"]
[SourceQuality "1"]

1. c4 e5 2. Nc3 Nf6 3. Nf3 Nc6 4. d4 exd4 5. Nxd4 Bb4 6. Nxc6 bxc6 7. Bd2 0-0 8. e3 d5 9. Be2 Re8 10. a3 Bd6 11. h3 Qe7 12. Qc2 Qe5 13. cxd5 Bf5 14. Bd3 Bxd3 15. Qxd3 cxd5 16. 0-0-0 Rab8 17. Kc2 c6 18. f4 Qe7 19. g4 Qb7 20. Bc1 Qb3+ 21. Kb1 Bxa3 22. Qc2 Qb7 23. g5 Ne4 24. Nxe4 Rxe4 25. Rd4 Rxd4 26. exd4 Bd6 27. Re1 g6 28. f5 Qd7 29. fxg6 hxg6 30. h4 Re8 31. Rxe8+ Qxe8 32. Ka2 Bg3 33. Qd3 Bxh4 34. Qf3 Qe4 35. Qf6 Be1 36. Qxc6 Kg7 37. Qc5 Bf2 38. Qxa7 Bxd4 39. Qa6 Be5 40. Bd2 Qc2 41. Qa5 Qxb2# 0-1

[Event "Dos Hermanas Internet qual-D 10th"]
[Site "ICC INT"]
[Date "2009.03.14"]
[Round "11"]
[White "Asanov, Timur"]
[Black "Perez Manas, Benjamin"]
[Result "1-0"]
[WhiteElo "2422"]
[BlackElo "2145"]
[PlyCount "85"]
[EventDate "2009.03.14"]
[EventType "swiss (blitz)"]
[EventRounds "12"]
[EventCountry "ESP"]
[SourceTitle "EXT 2010"]
[Source "ChessBase"]
[SourceDate "2010.11.25"]
[SourceVersion "1"]
[SourceVersionDate "2010.11.25"]
[SourceQuality "1"]

1. d4 d5 2. Nf3 Nc6 3. Bf4 Bg4 4. e3 e6 5. Be2 Bd6 6. Bg3 Nge7 7. 0-0 Ng6 8. Nbd2 0-0 9. c4 Bxg3 10. hxg3 Re8 11. Rc1 Qd6 12. cxd5 exd5 13. Bb5 Bd7 14. Nb3 a6 15. Be2 b6 16. a3 a5 17. Nbd2 Nce7 18. Nb1 c5 19. Nc3 c4 20. e4 b5 21. e5 Qb6 22. Ng5 b4 23. Na4 Bxa4 24. Qxa4 Qxd4 25. e6 fxe6 26. Nxe6 Qxb2 27. Nc7 Qxe2 28. Nxe8 b3 29. Rfe1 Qd2 30. Rcd1 Qc3 31. Qd7 h6 32. Nc7 Rf8 33. Nxd5 Nxd5 34. Qxd5+ Kh8 35. Rc1 Qb2 36. Rf1 Rxf2 37. Rxc4 Rxf1+ 38. Kxf1 Qf6+ 39. Kg1 b2 40. Rc8+ Nf8 41. Rb8 Kh7 42. Kh2 Ne6 43. Qe4+ 1-0

[Event "Creon op 11th"]
[Site "Creon"]
[Date "2006.08.03"]
[Round "6"]
[White "Mace, Emmanuel"]
[Black "Asanov, Timur"]
[Result "0-1"]
[WhiteElo "1937"]
[BlackElo "2396"]
[PlyCount "62"]
[EventDate "2006.07.31"]
[EventType "swiss"]
[EventRounds "9"]
[EventCountry "FRA"]
[SourceTitle "CBM 113 Extra"]
[Source "ChessBase"]
[SourceDate "2006.09.14"]
[SourceVersion "1"]
[SourceVersionDate "2006.09.14"]
[SourceQuality "1"]

1. e4 d6 2. d4 Nf6 3. Nc3 Nbd7 4. Be3 e5 5. f4 Be7 6. Nge2 0-0 7. Ng3 Re8 8. Be2 c6 9. Qd2 b5 10. Bf3 Nb6 11. b3 exf4 12. Bxf4 d5 13. e5 Nfd7 14. 0-0 Nf8 15. Nh5 Ng6 16. Be3 a5 17. Qf2 Rf8 18. Ne2 a4 19. Nef4 Bg5 20. g3 Bf5 21. Kg2 Qd7 22. Rh1 f6 23. exf6 Nxf4+ 24. Nxf4 Bxf6 25. h4 Rae8 26. Rag1 Bxc2 27. g4 Be4 28. g5 Bxd4 29. Bxd4 Rxf4 30. Bxb6 Rxf3 31. Qxf3 Qg4+ 0-1

[Event "Grenoble Masters 5th"]
[Site "Grenoble"]
[Date "2006.06.30"]
[Round "9"]
[White "Asanov, Timur"]
[Black "Delorme, Axel"]
[Result "1-0"]
[WhiteElo "2381"]
[BlackElo "2252"]
[PlyCount "63"]
[EventDate "2006.06.22"]
[EventType "tourn"]
[EventRounds "10"]
[EventCountry "FRA"]
[EventCategory "3"]
[SourceTitle "CBM 112 Extra"]
[Source "ChessBase"]
[SourceDate "2006.07.14"]
[SourceVersion "1"]
[SourceVersionDate "2006.07.14"]
[SourceQuality "1"]

1. c4 c6 2. e4 e5 3. d4 d6 4. d5 Nf6 5. Nc3 g6 6. Bd3 h5 7. Nge2 Bh6 8. Bxh6 Rxh6 9. Qd2 Rh8 10. f4 Nbd7 11. 0-0-0 Ng4 12. Rdf1 exf4 13. Nxf4 Nge5 14. dxc6 bxc6 15. Be2 Nc5 16. Rd1 Ke7 17. Rhf1 a5 18. Nd3 Ncxd3+ 19. Bxd3 f6 20. Qf2 Rf8 21. c5 dxc5 22. Bc2 Qb6 23. Na4 Qa7 24. Qd2 Qc7 25. Qc3 Be6 26. Qxc5+ Kf7 27. Rd6 Rad8 28. Rxd8 Rxd8 29. Nc3 Rd6 30. h3 Bc4 31. Re1 Be6 32. Nb5 1-0

[Event "Grenoble Masters 5th"]
[Site "Grenoble"]
[Date "2006.06.28"]
[Round "7"]
[White "Asanov, Timur"]
[Black "Foisor, Cristina Adela B"]
[Result "1-0"]
[WhiteElo "2381"]
[BlackElo "2392"]
[PlyCount "163"]
[EventDate "2006.06.22"]
[EventType "tourn"]
[EventRounds "10"]
[EventCountry "FRA"]
[EventCategory "3"]
[SourceTitle "CBM 112 Extra"]
[Source "ChessBase"]
[SourceDate "2006.07.14"]
[SourceVersion "1"]
[SourceVersionDate "2006.07.14"]
[SourceQuality "1"]

1. e4 c6 2. d4 g6 3. Nf3 Bg7 4. Bd3 Na6 5. 0-0 Nc7 6. h3 d6 7. c3 Nf6 8. e5 dxe5 9. Nxe5 0-0 10. Re1 Be6 11. Nd2 Nd7 12. Nxd7 Qxd7 13. Ne4 b6 14. Ng5 Rad8 15. Nxe6 Nxe6 16. Bc4 Nc7 17. Bg5 Rde8 18. a4 Nd5 19. Qf3 a5 20. Rad1 e6 21. Bf1 Ra8 22. h4 Ra7 23. g3 b5 24. Ra1 bxa4 25. Qd1 Rb8 26. Bc1 Nb6 27. Bf4 Rc8 28. Qc1 Qd8 29. Be3 Bf8 30. Rd1 Rd7 31. Ba6 Rb8 32. Qc2 Be7 33. Bd3 Qf8 34. h5 Qg7 35. hxg6 hxg6 36. Kg2 f5 37. Qe2 Qf6 38. Rh1 Bf8 39. Bf4 Bd6 40. Bxd6 Rxd6 41. Rh6 Rb7 42. Rah1 Rg7 43. Rh8+ Kf7 44. Rb8 Nd7 45. Ra8 Nb6 46. Ra6 Qd8 47. Rxa5 Qb8 48. Qe5 Rd8 49. Qe2 Qd6 50. Bc4 Kf6 51. Re1 Re7 52. Ba2 Rb8 53. Qd2 Rh8 54. Rae5 Nd5 55. c4 Nc7 56. d5 cxd5 57. cxd5 Kg7 58. Qc3 Nb5 59. Qc4 Nc7 60. Qxa4 Qb6 61. Qa3 Ree8 62. R1e3 Rh5 63. Qc3 Kh7 64. Qc6 Qxc6 65. dxc6 Kg7 66. b4 Rb8 67. Rxe6 Nxe6 68. Bxe6 Rhh8 69. c7 Rxb4 70. Rc3 f4 71. g4 Kf6 72. c8Q Rxc8 73. Bxc8 g5 74. Rc6+ Kg7 75. Bf5 f3+ 76. Kxf3 Rb2 77. Rg6+ Kh8 78. Rh6+ Kg7 79. Rd6 Kh8 80. Bd3 Rb4 81. Rd5 Ra4 82. Be2 1-0

[Event "Grenoble Masters 5th"]
[Site "Grenoble"]
[Date "2006.06.24"]
[Round "3"]
[White "Bijaoui, Manuel"]
[Black "Asanov, Timur"]
[Result "1-0"]
[WhiteElo "2344"]
[BlackElo "2381"]
[PlyCount "67"]
[EventDate "2006.06.22"]
[EventType "tourn"]
[EventRounds "10"]
[EventCountry "FRA"]
[EventCategory "3"]
[SourceTitle "CBM 112 Extra"]
[Source "ChessBase"]
[SourceDate "2006.07.14"]
[SourceVersion "1"]
[SourceVersionDate "2006.07.14"]
[SourceQuality "1"]

1. e4 c5 2. Nf3 d6 3. d4 cxd4 4. Nxd4 a6 5. c4 Nf6 6. Nc3 g6 7. Be2 Bg7 8. 0-0 0-0 9. Be3 Bd7 10. Qd2 Nc6 11. f3 Rc8 12. Rac1 Re8 13. Rfd1 Qa5 14. Nb3 Qh5 15. Nd5 Nxd5 16. cxd5 Ne5 17. Na5 b5 18. Re1 Rxc1 19. Rxc1 Nc4 20. Nxc4 bxc4 21. Rxc4 Bb5 22. Rc2 f5 23. Bxb5 axb5 24. Bd4 Bh6 25. Qe2 Rf8 26. Rc7 Rf7 27. Rc8+ Rf8 28. Rxf8+ Bxf8 29. e5 Bg7 30. Qxb5 f4 31. Qe8+ Bf8 32. Qd7 Qh4 33. Qe6+ Kg7 34. exd6+ 1-0

[Event "FRA-chT2C 0506"]
[Site "France"]
[Date "2006.04.02"]
[Round "11.1"]
[White "Petrov, Marian"]
[Black "Asanov, Timur"]
[Result "1/2-1/2"]
[WhiteElo "2425"]
[BlackElo "2392"]
[PlyCount "35"]
[EventDate "2005.10.27"]
[EventType "team"]
[EventRounds "11"]
[EventCountry "FRA"]
[SourceTitle "EXT 2006"]
[Source "ChessBase"]
[SourceDate "2005.11.24"]
[SourceVersion "1"]
[SourceVersionDate "2005.11.24"]
[SourceQuality "1"]
[WhiteTeam "Tournefeuille"]
[WhiteTeamCountry "FRA"]

1. e4 e5 2. Nf3 Nf6 3. Nxe5 d6 4. Nf3 Nxe4 5. d4 Be7 6. Bd3 Nf6 7. 0-0 0-0 8. h3 Re8 9. c4 Nbd7 10. Nc3 Nf8 11. Be3 Ng6 12. Re1 c6 13. b4 Bf8 14. Qb3 Nh5 15. d5 Nhf4 16. Bf1 Bd7 17. Kh2 cxd5 18. cxd5 1/2-1/2

[Event "FRA-chT2C 0506"]
[Site "France"]
[Date "2006.04.01"]
[Round "10.1"]
[White "Gonzalez de la Torre, Santiago"]
[Black "Asanov, Timur"]
[Result "0-1"]
[WhiteElo "2323"]
[BlackElo "2392"]
[PlyCount "72"]
[EventDate "2005.10.27"]
[EventType "team"]
[EventRounds "11"]
[EventCountry "FRA"]
[SourceTitle "EXT 2006"]
[Source "ChessBase"]
[SourceDate "2005.11.24"]
[SourceVersion "1"]
[SourceVersionDate "2005.11.24"]
[SourceQuality "1"]
[WhiteTeam "Bayonne"]
[WhiteTeamCountry "FRA"]

1. e4 c5 2. Nf3 d6 3. d4 cxd4 4. Nxd4 Nf6 5. Nc3 a6 6. Be3 e5 7. Nb3 Be6 8. f3 Nbd7 9. g4 Be7 10. Qd2 b5 11. 0-0-0 Rc8 12. Kb1 Nb6 13. Qf2 Nfd7 14. Nd5 Bxd5 15. exd5 Nc4 16. Bc1 Bh4 17. Qg1 0-0 18. g5 f5 19. gxf6 Qxf6 20. Bh3 Rc7 21. Be6+ Kh8 22. Qg4 Ndb6 23. Rd3 Na4 24. c3 b4 25. cxb4 e4 26. Rd4 Bf2 27. Bg5 Qxf3 28. Qxf3 exf3 29. Rf4 Rxf4 30. Bxf4 Be3 31. Bg3 Naxb2 32. Bxd6 Nxd6 33. Kxb2 Nc4+ 34. Kc3 f2 35. Kd3 Bb6 36. Rc1 Ne3 0-1

[Event "Calvi Balagne op 03rd"]
[Site "Calvi"]
[Date "2006.02.25"]
[Round "7"]
[White "Asanov, Timur"]
[Black "Bernardin, Marc"]
[Result "1-0"]
[WhiteElo "2392"]
[BlackElo "1720"]
[PlyCount "61"]
[EventDate "2006.02.19"]
[EventType "swiss"]
[EventRounds "9"]
[EventCountry "FRA"]
[SourceTitle "CBM 110 Extra"]
[Source "ChessBase"]
[SourceDate "2006.03.10"]
[SourceVersion "2"]
[SourceVersionDate "2006.03.10"]
[SourceQuality "1"]

1. Nf3 Nf6 2. c4 g6 3. b3 Bg7 4. Bb2 c5 5. g3 b6 6. Bg2 Bb7 7. 0-0 0-0 8. Nc3 Nc6 9. d4 Nxd4 10. Nxd4 Bxg2 11. Kxg2 cxd4 12. Qxd4 Re8 13. Rad1 d6 14. Nd5 Qd7 15. e4 Qc6 16. f3 Rac8 17. a4 Qc5 18. Qxc5 dxc5 19. Nxf6+ Bxf6 20. e5 Bg7 21. Rd7 a5 22. Rfd1 Rc6 23. f4 f6 24. Re1 f5 25. Red1 h6 26. Kf3 Kf7 27. Ra7 Ke6 28. Rdd7 Bf8 29. Rdb7 Rd8 30. Ke2 g5 31. Ra6 1-0

[Event "Nice op"]
[Site "Nice"]
[Date "2005.12.27"]
[Round "2"]
[White "Scotti, Umberto"]
[Black "Asanov, Timur"]
[Result "1/2-1/2"]
[WhiteElo "2182"]
[BlackElo "2402"]
[PlyCount "83"]
[EventDate "2005.12.26"]
[EventType "swiss"]
[EventRounds "9"]
[EventCountry "FRA"]
[SourceTitle "EXT 2007"]
[Source "ChessBase"]
[SourceDate "2006.11.23"]
[SourceVersion "1"]
[SourceVersionDate "2006.11.23"]
[SourceQuality "1"]

1. d4 d5 2. Nf3 c6 3. Bf4 Bg4 4. Nbd2 Nd7 5. e3 e6 6. Bd3 Be7 7. 0-0 f5 8. h3 Bh5 9. c4 g5 10. Bh2 g4 11. Ne5 Ngf6 12. Be2 Rg8 13. Kh1 Nxe5 14. Bxe5 Bd6 15. f4 Bf7 16. Qe1 Bxe5 17. fxe5 gxh3 18. gxh3 Nh5 19. Bxh5 Bxh5 20. c5 Kf7 21. Qf2 Qg5 22. Rg1 Qh6 23. Qf4 Qxf4 24. exf4 Be2 25. Rxg8 Rxg8 26. Rg1 Rb8 27. Re1 Bd3 28. Re3 Bc2 29. Ra3 a6 30. b4 Be4+ 31. Kh2 Re8 32. Rb3 Bc2 33. Rc3 Bd1 34. Nb3 Bxb3 35. Rxb3 Kg6 36. a4 Kh5 37. a5 Rg8 38. Rg3 Rg6 39. Rf3 Kh4 40. Re3 Rg7 41. Rf3 Rg8 42. Ra3 1/2-1/2

[Event "Nice op"]
[Site "Nice"]
[Date "2005.12.26"]
[Round "1"]
[White "Asanov, Timur"]
[Black "Zoldan, Matteo"]
[Result "1-0"]
[WhiteElo "2402"]
[BlackElo "2119"]
[PlyCount "69"]
[EventDate "2005.12.26"]
[EventType "swiss"]
[EventRounds "9"]
[EventCountry "FRA"]
[SourceTitle "EXT 2007"]
[Source "ChessBase"]
[SourceDate "2006.11.23"]
[SourceVersion "1"]
[SourceVersionDate "2006.11.23"]
[SourceQuality "1"]

1. e4 c5 2. Nf3 d6 3. Nc3 e6 4. d4 cxd4 5. Nxd4 Nf6 6. g4 e5 7. Nf5 h5 8. Bb5+ Nc6 9. g5 Nxe4 10. Nxg7+ Bxg7 11. Nxe4 d5 12. Nc3 Be6 13. Bd2 Qb6 14. Be2 0-0-0 15. Bxh5 Nd4 16. Bg4 Bxg4 17. Qxg4+ Kb8 18. 0-0 f5 19. Qg2 f4 20. Be3 fxe3 21. fxe3 Ne6 22. Nxd5 Rxd5 23. Qxd5 Qxe3+ 24. Kh1 Qe2 25. Qg2 Qxg2+ 26. Kxg2 Nxg5 27. Rad1 Ne6 28. Rf7 Rg8 29. Rdd7 Bh6+ 30. Kf1 Nd8 31. Rh7 Bf4 32. h4 e4 33. h5 Kc8 34. Rd4 Re8 35. h6 1-0

[Event "RUS Cup Qualifier 5"]
[Site "chessassistantclub.com INT"]
[Date "2004.12.24"]
[Round "?"]
[White "Asanov, Timur"]
[Black "Bocharov, Dmitry"]
[Result "1-0"]
[WhiteElo "2408"]
[BlackElo "2569"]
[PlyCount "67"]
[EventDate "2004.12.24"]
[EventType "swiss (blitz)"]
[EventRounds "13"]
[EventCountry "RUS"]
[SourceTitle "CBM 104 Extra"]
[Source "ChessBase"]
[SourceDate "2005.03.01"]
[SourceVersion "1"]
[SourceVersionDate "2005.03.01"]
[SourceQuality "1"]

1. e4 c5 2. Nf3 g6 3. d4 cxd4 4. Nxd4 Bg7 5. Nc3 Nc6 6. Be3 Nf6 7. Bc4 0-0 8. Bb3 d6 9. f3 Nxd4 10. Bxd4 Be6 11. Qd2 Rc8 12. 0-0-0 Bxb3 13. cxb3 d5 14. e5 Nd7 15. Rhe1 e6 16. Kb1 a6 17. Qe2 b5 18. f4 h5 19. g4 hxg4 20. Qxg4 Qc7 21. Rc1 Qb7 22. h4 b4 23. Ne2 Qb5 24. Rcd1 Qc6 25. Rd2 Nc5 26. h5 Ne4 27. Rdd1 Qc2+ 28. Ka1 Rc6 29. hxg6 f5 30. Qh4 Rfc8 31. Qe7 R8c7 32. Qe8+ Bf8 33. Rh1 Qxe2 34. Rh8+ 1-0

[Event "RUS Cup Qualifier 5"]
[Site "chessassistantclub.com INT"]
[Date "2004.12.24"]
[Round "?"]
[White "Asanov, Timur"]
[Black "Lysyj, Igor"]
[Result "1-0"]
[WhiteElo "2408"]
[BlackElo "2491"]
[PlyCount "103"]
[EventDate "2004.12.24"]
[EventType "swiss (blitz)"]
[EventRounds "13"]
[EventCountry "RUS"]
[SourceTitle "CBM 104 Extra"]
[Source "ChessBase"]
[SourceDate "2005.03.01"]
[SourceVersion "1"]
[SourceVersionDate "2005.03.01"]
[SourceQuality "1"]

1. e4 e6 2. d4 d5 3. Nc3 Bb4 4. e5 c5 5. a3 Bxc3+ 6. bxc3 Qa5 7. Bd2 Qa4 8. Qg4 g6 9. Qd1 b6 10. Bd3 Ba6 11. dxc5 bxc5 12. Nf3 Nd7 13. 0-0 Ne7 14. Bh6 Bxd3 15. cxd3 Qxd1 16. Rfxd1 Nf5 17. Bd2 Rb8 18. Rab1 0-0 19. g4 Ne7 20. h4 Nc6 21. Bh6 Rxb1 22. Rxb1 Rb8 23. Rxb8+ Ndxb8 24. d4 Nd7 25. Kf1 cxd4 26. cxd4 Nb6 27. Ke2 Nc4 28. Bc1 N6a5 29. Nd2 h5 30. f3 Nxd2 31. Bxd2 Nc6 32. Kd3 Kf8 33. Bb4+ Ke8 34. Bc5 a6 35. Ke3 Na5 36. Kf4 Nb3 37. Bb6 Kd7 38. a4 a5 39. gxh5 gxh5 40. Kg5 Kc6 41. Bd8 Nxd4 42. f4 Nf5 43. Kxh5 d4 44. Bxa5 Kc5 45. Kg5 Kc4 46. Be1 Kd3 47. a5 Ke2 48. Bb4 d3 49. a6 Ne7 50. a7 Nc6 51. a8Q Nxb4 52. Qe4+ 1-0

[Event "RUS Cup Qualifier 5"]
[Site "chessassistantclub.com INT"]
[Date "2004.12.24"]
[Round "?"]
[White "Asanov, Timur"]
[Black "Volkov, Sergey"]
[Result "1/2-1/2"]
[WhiteElo "2408"]
[BlackElo "2625"]
[PlyCount "144"]
[EventDate "2004.12.24"]
[EventType "swiss (blitz)"]
[EventRounds "13"]
[EventCountry "RUS"]
[SourceTitle "CBM 104 Extra"]
[Source "ChessBase"]
[SourceDate "2005.03.01"]
[SourceVersion "1"]
[SourceVersionDate "2005.03.01"]
[SourceQuality "1"]

1. e4 e6 2. d4 d5 3. Nc3 Nf6 4. e5 Nfd7 5. f4 c5 6. Nf3 Qb6 7. Be3 a6 8. a3 Nc6 9. Be2 cxd4 10. Nxd4 Bc5 11. Na4 Qa5+ 12. c3 Bxd4 13. Bxd4 Nxd4 14. Qxd4 0-0 15. 0-0 f6 16. Bg4 f5 17. Be2 Qc7 18. c4 Qc6 19. cxd5 Qxd5 20. Qxd5 exd5 21. Bf3 Kh8 22. Bxd5 Rb8 23. Rac1 b5 24. Nc5 Nxc5 25. Rxc5 Bb7 26. Bxb7 Rxb7 27. Rd1 Kg8 28. b4 g5 29. g3 gxf4 30. gxf4 Rg7+ 31. Kf2 Rg4 32. Rg1 h5 33. h3 Rxg1 34. Kxg1 Rd8 35. e6 Kf8 36. Rxf5+ Ke7 37. Rxh5 Kxe6 38. Rh6+ Kf5 39. Rxa6 Kxf4 40. a4 bxa4 41. Rxa4 Rd1+ 42. Kf2 Rd2+ 43. Ke1 Rb2 44. Kd1 Ke5 45. Kc1 Rh2 46. Ra3 Kd4 47. b5 Rh1+ 48. Kc2 Rh2+ 49. Kd1 Rb2 50. Ra4+ Kc5 51. Rg4 Kxb5 52. Ke1 Kc5 53. Re4 Kd5 54. Re3 Kd4 55. Re8 Rh2 56. Rh8 Ke5 57. Kf1 Kf6 58. Kg1 Kg7 59. Rh4 Ra2 60. Rf4 Kh6 61. Rf5 Rb2 62. Re5 Ra2 63. Rf5 Rb2 64. Rf3 Ra2 65. Rf4 Rb2 66. Re4 Ra2 67. Re5 Rb2 68. Rf5 Ra2 69. Rf6+ Kg5 70. Rf3 Kh4 71. Rf2 Rxf2 72. Kxf2 Kxh3 1/2-1/2

[Event "RUS Cup Qualifier 5"]
[Site "chessassistantclub.com INT"]
[Date "2004.12.24"]
[Round "?"]
[White "Rublevsky, Sergei"]
[Black "Asanov, Timur"]
[Result "0-1"]
[WhiteElo "2686"]
[BlackElo "2408"]
[PlyCount "100"]
[EventDate "2004.12.24"]
[EventType "swiss (blitz)"]
[EventRounds "13"]
[EventCountry "RUS"]
[SourceTitle "CBM 104 Extra"]
[Source "ChessBase"]
[SourceDate "2005.03.01"]
[SourceVersion "1"]
[SourceVersionDate "2005.03.01"]
[SourceQuality "1"]

1. e4 c5 2. Nf3 d6 3. d4 cxd4 4. Nxd4 Nf6 5. Nc3 a6 6. Be2 e5 7. Nb3 Be7 8. 0-0 Be6 9. f4 Qc7 10. g4 exf4 11. g5 Nfd7 12. Bxf4 Nc6 13. Nd5 Bxd5 14. Qxd5 0-0 15. Rad1 Nce5 16. c3 Rae8 17. Kh1 Nb6 18. Qd4 Nbc4 19. Nd2 Nxb2 20. Rb1 Nc6 21. Qe3 Na4 22. Bc4 Na5 23. Bd5 Nxc3 24. Rfc1 Nxd5 25. Rxc7 Nxe3 26. Bxe3 d5 27. Bb6 Nc4 28. Nxc4 dxc4 29. Rxc4 Bxg5 30. Rd1 Re6 31. Bf2 Rfe8 32. Rd7 b5 33. Rcc7 R6e7 34. Rxe7 Bxe7 35. Ra7 Bf8 36. Rxa6 Rxe4 37. Ra8 Rc4 38. Bg3 Rc6 39. Kg2 f6 40. Kf3 Kf7 41. Ke4 b4 42. Kd5 Rc2 43. Ra7+ Kg6 44. Ra8 Be7 45. Ra7 Rd2+ 46. Kc4 Kf7 47. Be1 Rxh2 48. Bg3 Rd2 49. Be1 Re2 50. Bg3 Re4+ 0-1

[Event "RUS Cup Qualifier 5"]
[Site "chessassistantclub.com INT"]
[Date "2004.12.24"]
[Round "?"]
[White "Savchenko, Boris"]
[Black "Asanov, Timur"]
[Result "0-1"]
[WhiteElo "2484"]
[BlackElo "2408"]
[PlyCount "60"]
[EventDate "2004.12.24"]
[EventType "swiss (blitz)"]
[EventRounds "13"]
[EventCountry "RUS"]
[SourceTitle "CBM 104 Extra"]
[Source "ChessBase"]
[SourceDate "2005.03.01"]
[SourceVersion "1"]
[SourceVersionDate "2005.03.01"]
[SourceQuality "1"]

1. e4 e6 2. d4 d5 3. Nc3 Nf6 4. Bg5 Bb4 5. e5 h6 6. Be3 Ne4 7. Qg4 g6 8. Bd3 Nxc3 9. a3 Ba5 10. Bd2 c5 11. bxc3 cxd4 12. cxd4 Bxd2+ 13. Kxd2 Nc6 14. Ne2 Qa5+ 15. c3 b6 16. Rhb1 Ba6 17. Bxg6 fxg6 18. Qxe6+ Ne7 19. Nf4 Rc8 20. Rb4 Rc6 21. Qh3 Bc8 22. Qd3 Bf5 23. Qe2 0-0 24. f3 Rfc8 25. g4 Rxc3 26. Qd1 Rxa3 27. Rab1 Bxb1 28. Qxb1 Rc4 29. Nxd5 Qxd5 30. Qxg6+ Nxg6 0-1

[Event "RUS Cup Qualifier 5"]
[Site "chessassistantclub.com INT"]
[Date "2004.12.24"]
[Round "?"]
[White "Shomoev, Anton"]
[Black "Asanov, Timur"]
[Result "0-1"]
[WhiteElo "2486"]
[BlackElo "2408"]
[PlyCount "80"]
[EventDate "2004.12.24"]
[EventType "swiss (blitz)"]
[EventRounds "13"]
[EventCountry "RUS"]
[SourceTitle "CBM 104 Extra"]
[Source "ChessBase"]
[SourceDate "2005.03.01"]
[SourceVersion "1"]
[SourceVersionDate "2005.03.01"]
[SourceQuality "1"]

1. e4 c5 2. Nf3 d6 3. d4 cxd4 4. Nxd4 Nf6 5. Nc3 a6 6. Bg5 e6 7. f4 Qb6 8. Qd2 Qxb2 9. Nb3 Qa3 10. Bxf6 gxf6 11. Be2 Nc6 12. 0-0 Bd7 13. Kh1 h5 14. Nb1 Qb4 15. Qe3 Ne7 16. c3 Qa4 17. c4 Qc6 18. Nc3 h4 19. h3 Rg8 20. Rf3 f5 21. Rc1 Bg7 22. Bd3 Bxc3 23. Rxc3 Qc8 24. exf5 exf5 25. Nd4 Qc5 26. Rc2 Kf8 27. Rb2 Re8 28. Qf2 Bc6 29. Nxc6 Qxf2 30. Rfxf2 bxc6 31. Rb6 Rg3 32. Be2 Ra3 33. Bf3 Rc3 34. Rd2 Rxc4 35. Rxd6 Nc8 36. Rbxc6 Nxd6 37. Rxd6 Re1+ 38. Kh2 Rcc1 39. g4 Rc2+ 40. Bg2 Ree2 0-1

[Event "RUS Cup Qualifier 3"]
[Site "chessassistantclub.com INT"]
[Date "2004.10.21"]
[Round "?"]
[White "Asanov, Timur"]
[Black "Goncharov, Vladislav"]
[Result "0-1"]
[WhiteElo "2416"]
[BlackElo "2310"]
[PlyCount "170"]
[EventDate "2004.10.21"]
[EventType "swiss (blitz)"]
[EventRounds "13"]
[EventCountry "RUS"]
[SourceTitle "EXT 2006"]
[Source "ChessBase"]
[SourceDate "2005.11.24"]
[SourceVersion "1"]
[SourceVersionDate "2005.11.24"]
[SourceQuality "1"]

1. e4 d5 2. exd5 Qxd5 3. Nc3 Qd6 4. d4 Nf6 5. Nf3 a6 6. g3 Nc6 7. Bf4 Qd8 8. d5 Nb8 9. Bg2 g6 10. 0-0 Bg7 11. Re1 0-0 12. Qd2 Nbd7 13. Rad1 Nb6 14. b3 Re8 15. a4 Bd7 16. a5 Nc8 17. Bh6 Bh8 18. Ne5 Nd6 19. h3 Rb8 20. Bf4 Bg7 21. Bh6 Bh8 22. Bf4 Bg7 23. Kh2 Nh5 24. Bh6 Bh8 25. Bf3 Nf6 26. Bf4 Bg7 27. Re2 Bf5 28. Rde1 Bd7 29. Nc4 Bf5 30. Be5 Bd7 31. Bg2 Bf5 32. g4 Bd7 33. f4 Bb5 34. Qd4 Bxc4 35. bxc4 b6 36. Bf3 Rf8 37. axb6 cxb6 38. c5 bxc5 39. Qxc5 Rc8 40. Qa3 Nc4 41. Qb3 Nxe5 42. fxe5 Nd7 43. Kg2 Qc7 44. e6 Ne5 45. d6 Qxc3 46. Qxc3 Rxc3 47. dxe7 Re8 48. exf7+ Kxf7 49. Rxe5 Bxe5 50. Rxe5 Rxc2+ 51. Kg3 Rxe7 52. Bd5+ Kf6 53. Rxe7 Kxe7 54. Bg8 h6 55. Bh7 Kf6 56. Bg8 Rc3+ 57. Kf4 g5+ 58. Ke4 Rxh3 59. Bc4 Rg3 60. Bxa6 Rxg4+ 61. Kf3 Rf4+ 62. Kg3 Ke5 63. Bc8 h5 64. Bd7 h4+ 65. Kh3 Kd4 66. Be6 Ke3 67. Bg4 Rxg4 68. Kxg4 Kf2 69. Kh3 Kf3 70. Kh2 g4 71. Kg1 Kg3 72. Kf1 Kh2 73. Kf2 g3+ 74. Kf3 g2 75. Kg4 g1Q+ 76. Kh5 h3 77. Kh6 Kg2 78. Kh5 h2 79. Kg4 h1Q 80. Kf5 Kf1 81. Ke5 Qf2 82. Kd6 Qh5 83. Kc6 Qf6+ 84. Kd7 Qh7+ 85. Kc8 Qfh8# 0-1